01213nam a2200301Ia 4500001001200000003000800012006001900020007001500039008004100054010001700095020001800112020001500130040002100145035002100166050002300187100003200210245010900242260005900351300001900410504005100429533015200480650004000632651005000672655002900722710001700751856012600768999001700894ebr10408862CaPaEBRm u cr cn|||||||||850429s1985 alua sb 001 0 eng d z 83018027  z9780817356194 z0817302123 aCaPaEBRcCaPaEBR a(OCoLC)65673945114aF2278b.H39 1985eb1 aHenderson, James D.,d1942-10aWhen Colombia bledh[electronic resource] :ba history of the violencia in Tolima /cJames D. Henderson. aUniversity, AL :bUniversity of Alabama Press,cc1985. a352 p. :bill. aIncludes bibliographical references and index. aElectronic reproduction.bPalo Alto, Calif. :cebrary,d2010.nAvailable via World Wide Web.nAccess may be limited to ebrary affiliated libraries. 0aMassacreszColombiazTolima (Dept.) 0aColombiaxPolitics and governmenty1946-1974. 7aElectronic books.2local2 aebrary, Inc.40uhttp://site.ebrary.com/lib/rucke/Doc?id=10408862zAn electronic book accessible through the World Wide Web; click to view c79914d79914